000 00308 a2200133 4500
001 154248
040 _cEscola São Tomás de Aquino
240 1 0 _aOs pré-socráticos
_lpor
245 1 0 _aOs pré-socráticos
362 0 _a1991
440 1 _aNova cultural
697 _aFILOSOFIA E PSICOLOGIA
942 _cBK
999 _c154248
_d154248